| Tag |
First Indicator |
Second Indicator |
Subfields |
| LEADER |
00000cam a2200000 a 4500 |
| 001 |
in00000012704 |
| 005 |
20151007051902.0 |
| 008 |
860717s1986 dcua bc 00000 eng |
| 010 |
|
|
|a 86019144
|
| 020 |
|
|
|a 0894680951 (pbk.)
|
| 020 |
|
|
|a 0521341965 (hard)
|
| 035 |
|
|
|a (OCoLC)14001143
|
| 035 |
|
|
|9 AAA5280AM
|
| 040 |
|
|
|a DLC
|c DLC
|d m/c
|d TXA
|d UtOrBLW
|
| 043 |
|
|
|a e-be---
|a e-ne---
|
| 049 |
|
|
|a TXAM
|c [A12606160]
|
| 050 |
0 |
0 |
|a NC258
|b .A34 1986
|
| 082 |
0 |
|
|a 741.9492/074/01471
|2 19
|
| 245 |
0 |
4 |
|a The Age of Bruegel :
|b Netherlandish drawings in the sixteenth century /
|c John Oliver Hand [and others].
|
| 264 |
|
1 |
|a Washington :
|b National Gallery of Art ;
|a Cambridge, England ;
|a New York, N.Y. :
|b Cambridge University Press,
|c [1986]
|
| 264 |
|
4 |
|c ©1986
|
| 300 |
|
|
|a xii, 339 pages :
|b illustrations (some color) ;
|c 30 cm.
|
| 336 |
|
|
|a text
|b txt
|2 rdacontent
|
| 337 |
|
|
|a unmediated
|b n
|2 rdamedia
|
| 338 |
|
|
|a volume
|b nc
|2 rdacarrier
|
| 500 |
|
|
|a "Exhibition dates: National Gallery of Art, Washington, 7 November, 1986-18 January, 1987; the Pierpont Morgan Library, New York, 30 January-5 April, 1987"--Title page verso.
|
| 500 |
|
|
|a Errata slip inserted.
|
| 504 |
|
|
|a Bibliography: pages 313-333.
|
| 650 |
|
0 |
|a Drawing, Flemish
|y 16th century
|v Exhibitions.
|
| 650 |
|
0 |
|a Drawing, Dutch
|y 16th century
|v Exhibitions.
|
| 700 |
1 |
|
|a Hand, John Oliver,
|d 1941-
|
| 710 |
2 |
|
|a National Gallery of Art (U.S.)
|
| 710 |
2 |
|
|a Pierpont Morgan Library.
|
| 999 |
|
|
|a MARS
|
| 999 |
f |
f |
|s 31f8491f-92ab-3eb2-aeaf-fbd2865ffb24
|i a63cdc16-15ed-37cc-9ba2-c03716e62096
|t 0
|
| 952 |
f |
f |
|p normal
|a Texas A&M University
|b College Station
|c Sterling C. Evans Library
|d Evans: Library Stacks
|t 0
|e NC258 .A34 1986
|h Library of Congress classification
|i unmediated -- volume
|m A14812606160
|
| 998 |
f |
f |
|a NC258 .A34 1986
|t 0
|l Evans: Library Stacks
|